8.000m - Statistics

Statistiche generali
  • Questo quiz è stato fatto 50 volte
  • Il punteggio medio è 4 su 14
Statistiche sulle risposte
Hint Risposta % Corretto
8848m Everest
97%
8611m K2
97%
8091m Annapurna
47%
8516m Lhotse
28%
8068m Gasherbrum I
17%
8035m Gasherbrum II
17%
8163m Manaslu
17%
8126m Nanga Parbat
17%
8047m Broad Peak
14%
8201m Cho Oyu
14%
8167m Dhaulagiri
14%
8462m Makalu
14%
8586m Kangchenjunga
11%
8027m Shisha Pangma
6%
Nessun quiz corrispondente trovato
Distribuzione punteggi
Percentuale di utenti per punteggio
Percentile per numero di risposta
I tuoi punteggi nel tempo
Non hai fatto questo quiz